| 000 | 00610nam a2200145Ia 4500 | ||
|---|---|---|---|
| 008 | 140724s9999 xx 000 0 und d | ||
| 050 |
_aPN 4787 _b.Al346 2009 |
||
| 100 | _aAlcala, Ma Monica M. | ||
| 245 |
_aAttitude and acceptance of Metro Manilans on the Eye/Cornea donation program of the eye bank foundation of the Philippines : _ba basis for a public relations campaign / _cMa. Monica M. Alcala. |
||
| 260 |
_aLas PiƱas, Philippines : _bSouthville International School and Colleges, _cc2009. |
||
| 300 |
_a137 p. : _bcol. ill. ; _c28 cm. |
||
| 521 | _aMass Communication | ||
| 942 | _cTH | ||
| 999 |
_c228936 _d228936 |
||